Insumo-producto : aplicaciones básicas al análisis económico estructural /

Kaydedildi:
Detaylı Bibliyografya
Yazar: Mariña Flores, Abelardo (autor)
Materyal Türü: Kitap
Dil:İspanyolca
Baskı/Yayın Bilgisi: México : UAM Azcapotzalco, 1992, c1992
Seri Bilgileri:(Libro de Texto)
Konular:
Etiketler: Etiketle
Etiket eklenmemiş, İlk siz ekleyin!

MARC

LEADER 00000nam^a2200000^a^4500
001 000109226
005 20250521000000.0
009 20260310093715.014
020 |a 970-620-316-8 
037 |a Acervo ITESO - Biblioteca 
041 |a ESP 
082 |a 330. 015195  |b MAR 
100 |a Mariña Flores, Abelardo  |e (autor) 
245 1 0 |a Insumo-producto :  |b aplicaciones básicas al análisis económico estructural /  |c A. Mariña Flores. 
264 4 |a México :  |b UAM Azcapotzalco,  |c 1992, c1992 
300 |a 381 p. 
336 |a texto  |b txt  |2 rdacontenido 
337 |a sin mediación  |b n  |2 rdamedio 
338 |a volumen  |b nc  |2 rdasoporte 
440 1 |a (Libro de Texto) 
649 |a XX 
650 |a Proceso de Producción 
650 |a Oferta y Demanda 
650 |a Estructura Económica 
650 |a Economía -  |z México -  |x Investigación 
650 |a Estadística 
650 |a Contabilidad 
910 |a Fondo General 
920 |a Impresos - Libros 
930 |a Colección General 
905 |a 101 
901 |a 0500046052  |b IT1  |c ACC  |u 20250521 
902 |a https://opac.biblio.iteso.mx/vufind/Record/000109226